Podstata medzinárodnej ekonomickej integrácie Ukrajiny

Zapojenie Ukrajiny ako subjektu svetového hospodárstva je jej zapojenie do všetkých procesov, ktoré sa vo svetovom hospodárstve uskutočňujú, na základe rovnoprávneho členstva. Dôležitá otázka otvorenosti ekonomiky krajiny a jej zapojenie do medzinárodnej ekonomickej integrácie. Snaha Ukrajiny o preh...

Celý popis

Uložené v:
Podrobná bibliografia
Hlavný autor: Greššová, Mária
Médium: Kapitola
Jazyk:Slovak
Predmet:
Tagy: Pridať tag
Žiadne tagy, Buďte prvý, kto otaguje tento záznam!

MARC

LEADER 00000naa$a2200000$$$4500
001 0083239
005 20240502071933.6
041 0 |a slo 
044 |a SK 
245 1 0 |a Podstata medzinárodnej ekonomickej integrácie Ukrajiny  |c Mária Greššová 
520 |a Zapojenie Ukrajiny ako subjektu svetového hospodárstva je jej zapojenie do všetkých procesov, ktoré sa vo svetovom hospodárstve uskutočňujú, na základe rovnoprávneho členstva. Dôležitá otázka otvorenosti ekonomiky krajiny a jej zapojenie do medzinárodnej ekonomickej integrácie. Snaha Ukrajiny o prehĺbenie spolupráce s rôznymi krajinami sveta a integračnými zoskupeniami. 
610 2 0 |a Ukrajina 
610 2 0 |a integrácia 
610 2 0 |a globalizácia 
610 2 0 |a hospodárstvo svetové 
100 1 |a Greššová, Mária